Brácsatanítás a zeneiskolában
Elmentve itt :
| Szerző: | |
|---|---|
| További közreműködők: | |
| Dokumentumtípus: | Szakdolgozat |
| Megjelent: |
1997
|
| Tárgyszavak: | |
| Online Access: | http://diploma.bibl.u-szeged.hu/106610 |
| LEADER | 00570nta a2200169 i 4500 | ||
|---|---|---|---|
| 001 | dipl106610 | ||
| 005 | 20210215113534.0 | ||
| 008 | 210215s1997 hu om 0|| zxx d | ||
| 040 | |a SZTE Diploma Repozitórium |b hun | ||
| 041 | |a zxx | ||
| 100 | 1 | |a Mázsa Regina | |
| 245 | 1 | 0 | |a Brácsatanítás a zeneiskolában |h [elektronikus dokumentum] / |c Regina Mázsa |
| 260 | |c 1997 | ||
| 650 | 4 | |a Művészet | |
| 650 | 4 | |a Music and musicology, history of music | |
| 700 | 1 | |a Nagy Ágnes |e ths | |
| 856 | 4 | 0 | |u http://diploma.bibl.u-szeged.hu/id/eprint/106610/1/1997_mazsa_regina.pdf |z Dokumentum-elérés |